000 01294nam a2200361 i 4500
001 000027154
003 DO-SdBNP
005 20251218120436.0
007 ta
008 110330s2009 dr ac 000 0 spa d
020 _a9789945850574
040 _aDO-SdBNP
_bspa
_cBNPHU
_erda
041 _aspa
049 _aBNPD
082 4 _axxx
_bxxx
_222
100 1 _aAyala Lafée, Cecilia
_954213
245 1 3 _aLa familia de Juan Pablo Duarte en la Caracas de 1845-1890 /
_cCecilia Ayala Lafée, Werner Wilbert, Ariany Calles.
250 _aSegunda edición, corregida y aumentada
264 4 _aSanto Domingo, República Dominicana :
_bInstituto Duartiano,
_c©2009.
300 _a178 páginas :
_bilustraciones, retratos ;
_c22 cm.
336 _atexto
_btxt
_2rdacontent
337 _asin mediación
_bn
_2rdamedia
338 _avolumen
_bnc
_2rdacarrier
490 1 _aDocumental
_v2
500 _aIncluye datos biográficos de los autores en la contracubierta
500 _aIncluye referencias bibliográficas y notas al pie de las páginas
504 _aBibliografía : p. 175-178
590 _aInventariado, 2022/BT
700 1 _aCalles, Ariany,
_eautor
_954214
_4aut.
700 1 _aWilbert, Werner,
_eautor
_954215
_4aut.
830 0 _aDocumental
_n2
_982855
942 _2ddc
_cLBS1
999 _c26646
_d26646